Normal view
MARC view
Entry Personal Name
001 - CONTROL NUMBER
- control field: 45220
003 - CONTROL NUMBER IDENTIFIER
- control field: dpl
005 - DATE AND TIME OF LATEST TRANSACTION
- control field: 20120417125724.0
008 - FIXED-LENGTH DATA ELEMENTS
- fixed length control field: 120417|||a|||||| | ||| d
040 ## - CATALOGING SOURCE
- Original cataloging agency: dpl
- Transcribing agency: dpl
100 ## - HEADING--PERSONAL NAME
- Personal name: Beteille, Andre
670 ## - SOURCE DATA FOUND
- Source citation: Work cat.: (dpl): Beteille, Andre, Caste, class and power :, 1996
670 ## - SOURCE DATA FOUND
- Source citation: Work cat.: (dpl): Beteille, Andre, Caste, class and power :, 1996
